header

Parents, please don't sit on your kids : (Record no. 255446)

MARC details
000 -LEADER
fixed length control field 01049nam a2200325 a 4500
001 - CONTROL NUMBER
control field 3788952
003 - CONTROL NUMBER IDENTIFIER
control field OSt
005 - DATE AND TIME OF LATEST TRANSACTION
control field 20170208144847.0
008 - FIXED-LENGTH DATA ELEMENTS--GENERAL INFORMATION
fixed length control field 840612s1985 caua b 001 0 eng
010 ## - LIBRARY OF CONGRESS CONTROL NUMBER
LC control number 84061320
020 ## - INTERNATIONAL STANDARD BOOK NUMBER
International Standard Book Number 082245307X (pbk.)
040 ## - CATALOGING SOURCE
Original cataloging agency DLC
Transcribing agency DLC
Modifying agency DLC
050 00 - LIBRARY OF CONGRESS CALL NUMBER
Classification number HQ770.4
Item number .C43 1985
082 00 - DEWEY DECIMAL CLASSIFICATION NUMBER
Classification number 649/.64
Edition number 19
100 1# - MAIN ENTRY--PERSONAL NAME
Personal name Cherry, Clare.
110 ## - MAIN ENTRY--CORPORATE NAME
Corporate name or jurisdiction name as entry element RU
245 10 - TITLE STATEMENT
Title Parents, please don't sit on your kids :
Remainder of title a parent's guide to nonpunitive discipline /
Statement of responsibility, etc Clare Cherry ; photographs by Sam Cherry.
250 ## - EDITION STATEMENT
Edition statement 2ND
260 ## - PUBLICATION, DISTRIBUTION, ETC. (IMPRINT)
Place of publication, distribution, etc Belmont, Calif. :
Name of publisher, distributor, etc Pitman Books,
Date of publication, distribution, etc c1985.
300 ## - PHYSICAL DESCRIPTION
Extent 187 p. :
Other physical details ill. ;
Dimensions 23 cm.
440 #0 - SERIES STATEMENT/ADDED ENTRY--TITLE
Title Fearon early childhood library
500 ## - GENERAL NOTE
General note Rev. ed. of: Please don't sit on the kids. c1982.
General note Includes index.
504 ## - BIBLIOGRAPHY, ETC. NOTE
Bibliography, etc Bibliography: p. 179-180.
650 #0 - SUBJECT ADDED ENTRY--TOPICAL TERM
Topical term or geographic name as entry element Discipline of children.
Topical term or geographic name as entry element Child psychology.
700 1# - ADDED ENTRY--PERSONAL NAME
Personal name Cherry, Clare.
Title of a work Please don't sit on the kids.
906 ## - LOCAL DATA ELEMENT F, LDF (RLIN)
a 7
b cbc
c orignew
d 3
e opcn
f 19
g y-gencatlg
942 ## - ADDED ENTRY ELEMENTS (KOHA)
Source of classification or shelving scheme Library of Congress Classification
Koha item type Long Loan Books
Holdings
Withdrawn status Lost status Source of classification or shelving scheme Damaged status Not for loan Home library Current library Shelving location Date acquired Source of acquisition Total Checkouts Full call number Date last seen Price effective from Koha item type
    Library of Congress Classification     Rongo University Library Rongo University Library General Stacks 08/02/2017 Donation   HQ770.4 .C43 1985 08/02/2017 08/02/2017 Long Loan Books

© 2026 Rongo University
Contact us: librarian | system librarian | Rongo university